Finish these Taylor Swift Lyrics! - Statistics

General Stats
  • This quiz has been taken 943 times
  • The average score is 9 of 18
Answer Stats
Hint Answer % Correct
Swear to be overdramatic and ____ __ __ _____ true to my lover
77%
Back when we were still changing ___ ___ _____ for the better
73%
Kiss me on the sidewalk, take ____ ___ ____ away the pain
71%
I'm only 17, I ____ ____ ________ don't know anything
69%
Remember when you hit the ______ __ ____ brakes too soon
67%
Cause I don't know how it gets _____ ____ ____ better than this
59%
Think about the place where you _____ ___ __ first met me
56%
When the flowers that we'd grown together ____ __ _____ died of thirst
54%
And it's 2 AM, and I'm ______ ____ ____ cursing your name
50%
I never was ready, so I _____ ___ __ watch you go
50%
Now i'm searching for signs in a _______ ____ haunted club
43%
My pain fits in the palm of your _______ ____ freezing hand
41%
Stay here, honey, I don't ____ __ _____ want to share
40%
And everytime I look at you, it's like ___ ____ ____ the first time
33%
You pull my chair out and ____ __ __ help me in
29%
And she's got everything that I have __ ____ _______ to live without
29%
I dared you to kiss me and ran ____ ___ _____ when you tried
28%
And now i'm standing here hoping it ____ __ ___ gets to you
25%
No matching quizzes found
Score Distribution
Percent of People with Each Score
Percentile by Number Answered
Your Score History
You have not taken this quiz